[Event "Agneaux St Lo op 15th"]
[Site "Agneaux"]
[Date "2013.07.08"]
[Round "3"]
[White "Alexandersson, Filipp"]
[Black "Fruchard, Cyrille"]
[Result "0-1"]
[WhiteElo "1099"]
[BlackElo "1958"]
[PlyCount "92"]
[EventDate "2013.07.07"]
[EventType "swiss"]
[EventRounds "9"]
[EventCountry "FRA"]
[SourceTitle "EXT 2014"]
[Source "ChessBase"]
[SourceDate "2013.11.20"]
[SourceVersion "1"]
[SourceVersionDate "2013.11.20"]
[SourceQuality "1"]

1. e4 e6 2. d4 d5 3. e5 c5 4. c3 Nc6 5. Nf3 Qb6 6. Bd3 cxd4 7. cxd4 Bd7 8. Be2 Bb4+ 9. Nc3 Nge7 10. 0-0 Bxc3 11. bxc3 Na5 12. Ba3 Bb5 13. Rc1 Bxe2 14. Qxe2 Qc6 15. Nd2 Rc8 16. Qe3 h6 17. Rc2 Qa4 18. Rfc1 Qxa3 19. c4 Qxe3 20. fxe3 Nxc4 21. e4 Kd7 22. exd5 Nxd2 23. d6 Nd5 24. Kf2 Rxc2 25. Rxc2 Ne4+ 26. Kf3 Rc8 27. Rxc8 Ng5+ 28. Ke2 Kxc8 29. Kd3 Kd7 30. h4 Nh7 31. Kc4 Ne3+ 32. Kd3 Nxg2 33. h5 Nf4+ 34. Kc4 Nxh5 35. d5 Nf8 36. a4 g5 37. dxe6+ Kxe6 38. Kb5 g4 39. a5 g3 40. a6 bxa6+ 41. Kxa6 g2 42. Kxa7 g1Q+ 43. Kb7 Nd7 44. Ka8 Qb1 45. Ka7 Qb8+ 46. Ka6 Qb6# 0-1